000 01210nam a2200301 i 4500
003 EG-GICUC
005 20260121101525.0
008 251219s2012 ua d|||fr|||| 000 0 ara d
040 _a EG-GICUC
_bara
_c EG-GICUC
_d EG-GICUC
_erda
041 _aara
082 0 4 _221
_a343.46
_bج م . إ
092 0 4 _221
099 _aLaw1 10 343.46 ج م . إ 2012
100 0 _aجميل عبدالباقي الصغير.
_eمؤلف.
245 1 2 _aالإنترنت والقانون الجنائي :
_bالأحكام الموضوعية للجرائم المتعلقة بلإنترنت /
_cالدكتور جميل عبدالباقي الصغير.
264 1 _aالقاهرة :
_bدار النهضة العربية،
_c2012.
300 _a280 صفحة ؛
_c24 سم
336 _2rda content
_atext
337 _2rda media
_aComputer
338 _2rda carrier
_aOnline Resource
504 _a. 276-237ببليوجرافيا: صفحات.
546 _aالنص باللغة العربية
650 1 4 _aالتشريعات المتعلقة بتقنية المعلومات
_2qrmak
651 1 _2qrmak
856 4 0 _uhttps://fll.law.cu.edu.eg/fulltext/bks/B10-07031.pdf
905 _a79
_eHassnaa
942 _2ddc
_cBK
_e21
_n0
999 _c51767
_d51767